| 000 | 00726nam a2200277 a 4500 | ||
|---|---|---|---|
| 003 | AR-BaBNM | ||
| 005 | 20251128203537.0 | ||
| 008 | 082120s2002 ||||||||||||||000 | spa|| | ||
| 040 | _cAR-BaBNM | ||
| 100 | 1 | _aOría, José A. | |
| 245 | 0 | 0 |
_aUna anticipación dantesca _bsobre la concepción del mundo |
| 260 |
_aBuenos Aires _bAcademia Argentina de Letras _c1964 |
||
| 300 | _ap. 27-38 | ||
| 650 | 4 | _aCRITICA LITERARIA | |
| 650 | 4 | _aESCRITORES | |
| 650 | 4 | _aFILOSOFIA LITERARIA | |
| 650 | 4 | _aEDAD MEDIA | |
| 650 | 4 | _aRENACIMIENTO | |
| 650 | 4 | _aCRISTIANISMO | |
| 650 | 4 | _aHUMANISMO | |
| 650 | 4 | _aLITERATURA ITALIANA | |
| 653 | _aINFLUENCIA CLASICA | ||
| 655 | _aLITERATURA | ||
| 942 | _cBK | ||
| 998 | _cMARTIN | ||
| 999 |
_c3871 _d3871 |
||